Catálogo

El estructuralismo / (Registro nro. 24358)

Detalles MARC
000 -LEADER
fixed length control field 01530cam a2200397 i 4500
001 - CONTROL NUMBER
control field 24358
003 - CONTROL NUMBER IDENTIFIER
control field Mx-PuUPA
005 - DATE AND TIME OF LATEST TRANSACTION
control field 20250625144118.0
008 - FIXED-LENGTH DATA ELEMENTS--GENERAL INFORMATION
fixed length control field 140415s1995 mx gr 001 0 spa d
020 ## - INTERNATIONAL STANDARD BOOK NUMBER
International Standard Book Number 9682001560
040 ## - CATALOGING SOURCE
Transcribing agency Mx-PuUPA
Original cataloging agency Mx-PuUPA
Language of cataloging spa
Modifying agency Mx-PuUPA
Description conventions rda
041 1# - LANGUAGE CODE
Language code of text/sound track or separate title spa
Language code of original fre
100 1# - MAIN ENTRY--PERSONAL NAME
Personal name Piaget, Jean,
Dates associated with a name 1896-1980
Relator term autor
9 (RLIN) 12376
240 10 - UNIFORM TITLE
Uniform title Le structuralisme.
Language of a work Españo
245 13 - TITLE STATEMENT
Title El estructuralismo /
Statement of responsibility, etc. Jean Piaget ; traducción Publicaciones Cruz O., S.A. con la colaboración especial de Claudia A. Loeffler Berg
250 ## - EDITION STATEMENT
Edition statement Primera edición /
Remainder of edition statement en ¿Qué Sé?
264 #1 - PRODUCTION, PUBLICATION, DISTRIBUTION, MANUFACTURE, AND COPYRIGHT NOTICE
Place of production, publication, distribution, manufacture México, D.F. :
Name of producer, publisher, distributor, manufacturer Publicaciones Cruz O.,
Date of production, publication, distribution, manufacture, or copyright notice 1995
-- ©1960
300 ## - PHYSICAL DESCRIPTION
Extent 116 páginas :
Dimensions 21 cm
336 ## - CONTENT TYPE
Fuente rdacontent
Content type term texto
Content type code txt
337 ## - MEDIA TYPE
Source rdamedia
Media type term sin medio
Media type code n
338 ## - CARRIER TYPE
Source rdacarrier
Carrier type term volumen
Carrier type code nc
490 0# - SERIES STATEMENT
Series statement ¿Qué sé? ;
Volume/sequential designation 34
500 ## - GENERAL NOTE
General note En portada se menciona "Edición 2002". Según datos de impresión, debe ser "Reimpresión".
650 #7 - SUBJECT ADDED ENTRY--TOPICAL TERM
Source of heading or term armarc
Topical term or geographic name entry element Estructuralismo (Filosofía)
650 #7 - SUBJECT ADDED ENTRY--TOPICAL TERM
Source of heading or term armarc
Topical term or geographic name entry element El todo y las partes (Filosofía)
650 #7 - SUBJECT ADDED ENTRY--TOPICAL TERM
Source of heading or term armarc
Topical term or geographic name entry element Solución de problemas
650 #7 - SUBJECT ADDED ENTRY--TOPICAL TERM
Source of heading or term armarc
Topical term or geographic name entry element Modelos académicos
700 1# - ADDED ENTRY--PERSONAL NAME
Personal name Loeffler Berg, Claudia A.,
Relator term traductor
710 1# - ADDED ENTRY--CORPORATE NAME
Corporate name or jurisdiction name as entry element Publicaciones Cruz O.,
Relator term traductor
765 0# - ORIGINAL LANGUAGE ENTRY
Main entry heading Piaget, Jean
Title Le structuralisme
942 ## - ADDED ENTRY ELEMENTS (KOHA)
Source of classification or shelving scheme Dewey Decimal Classification
Koha item type Libro
Classification part 149.97
Item part P5718
260 ## - PUBLICATION, DISTRIBUTION, ETC.
Place of publication, distribution, etc.
Name of publisher, distributor, etc.
Date of publication, distribution, etc.
Existencias
Withdrawn status Lost status Source of classification or shelving scheme Damaged status Not for loan Collection code Home library Current library Shelving location Date acquired Source of acquisition Cost, normal purchase price Total Checkouts Full call number Barcode Date last seen Cost, replacement price Price effective from Koha item type
    Dewey Decimal Classification     General Biblioteca Karol Wojtyla Biblioteca Karol Wojtyla Sala general 28/02/2025 Donación 0.00   149.97 P5718 1995 45606 05/01/2026 0.00 03/12/2013 Libro